000
00291nam a22001217a 4500
040
_c
333
082
_a
333 IAN 1998 C090
100
_a
IAN THOMAS
245
_a
Environmental impact assessment in australia
260
_a
Phnom Penh
_b
IAN
_c
1998
300
_a
257p.
_b
ill.
_c
29cm.
942
_c
EK
999
_c
11118
_d
11118